List of UEFA Champions League top 20 scorers - Statistics

General Stats
  • This quiz has been taken 35 times
  • The average score is 13 of 20
Answer Stats
Goals Answer % Correct
130 Cristiano Ronaldo
100%
115 Lionel Messi
100%
71 Raúl
93%
50 Thierry Henry
87%
34 Gerd Müller
80%
65 Karim Benzema
80%
68 Robert Lewandowski
80%
46 Thomas Müller
80%
46 Filippo Inzaghi
73%
56 Ruud van Nistelrooy
73%
48 Zlatan Ibrahimović
63%
44 Didier Drogba
60%
42 Alessandro Del Piero
53%
35 Neymar
47%
49 Alfredo Di Stéfano
40%
48 Andriy Shevchenko
40%
35 Edinson Cavani
33%
35 Ferenc Puskás
33%
46 Eusébio
20%
39 Sergio Agüero
20%
No matching quizzes found
Score Distribution
Percent of People with Each Score
Percentile by Number Answered
Your Score History
You have not taken this quiz